• 首页
  • 本馆介绍
  • 公告通知
  • 最新文献
  • 馆藏检索
  • 电子资源
  • 读者导购
  • 参考咨询
  • 我的图书馆
  • 登录
  • 详细信息显示
  • 放入我的书架
  • 预约/预借图书
  • 作者相关作品
  • 分类相关作品
  • 丛书相关作品
  • 出版社相关作品

书目信息

  • 表格格式
  • 工作单格式
  • 卡片格式
题名:
续编医学三字经
    
 
作者: 胥紫来 编
分册:  
出版信息: 上海   上海科学技术出版社  1965
页数: 43页
开本: 19cm
丛书名:
单 册:
中图分类: R2-52 , R49
科图分类:
主题词: 康复医学
电子资源:
ISBN:
000 00784nam0 2200253 450
001 1534766604
005 20150131093946.14
010    @dCNY0.15
091    @a14119.1182
100    @a19951204e19791965em y0chiy0110 ea
101 0  @achi
102    @aCN@b310000
105    @ay z 000yy
200 1  @a续编医学三字经@9xu bian yi xue san zi jing@f(清)胥紫来著
210    @a上海@c上海科学技术出版社@d1965@h1979重印
215    @a43页@d19cm
300    @a陈修园的《医学三字经》因便于初学者记诵,流传较广.胥紫来补其不足,编写了脏腑经络、六经标本、病因病机、脉法要决、药物性能,体例亦为三字一句,故名为续编.
605    @a医学三字经
606 0  @a康复医学
690    @aR2-52@v5
690    @aR49@v4
701  0 @a胥紫来@9xu zi lai@4编
801  0 @aCN@bTSSF@c20150131
905    @aZUCC@dR49@eJY2
    
    续编医学三字经/(清)胥紫来著.-上海:上海科学技术出版社,1965(1979重印)
    43页;19cm
    陈修园的《医学三字经》因便于初学者记诵,流传较广.胥紫来补其不足,编写了脏腑经络、六经标本、病因病机、脉法要决、药物性能,体例亦为三字一句,故名为续编.
    
    ISBN :CNY0.15
    
●
相关链接 在E读中查询图书 在五车中查询图书 在当当中查询图书 在豆瓣中查询图书


正题名:续编医学三字经     索取号:R49/JY2         预约/预借

序号 登录号 条形码 馆藏地/架位号 状态 备注
1 7863090   278630901   学院路分馆/ [索取号:R49/JY2] 在馆    
唐山师范学院图书馆 欢迎您!
大连网信软件有限公司© 版权所有